Les écrits de Sartre: chronologie, bibliographie commentée

Shranjeno v:
Bibliografske podrobnosti
Main Authors: Contat, Michel (Author), Rybalka, Michel (Author)
Format: Knjiga
Jezik:francoščina
Izdano: París Gallimard 1970
Teme:
Oznake: Označite
Brez oznak, prvi označite!

MARC

LEADER 00000nam a2200000 a 4500
001 UCZ2683
003 CL-VaPUC
008 951005e19700000FR |||||||||||||||||fre|d
082 0 4 |a 142.7  |b CON  |2 21 
100 0 |a Contat, Michel  |e author  |9 346448 
700 0 |a Rybalka, Michel  |e author  |9 346449 
245 1 4 |a Les écrits de Sartre: chronologie, bibliographie commentée 
300 |a 788 p 
942 |c BK 
945 |d 19951005 00:00:00  |a lriquelm 
260 |a París  |b Gallimard  |c 1970 
600 0 7 |a SARTRE, JEAN-PAUL  |2 CL-VaPUC  |9 269377 
650 0 |a Existencialismo  |9 265698 
650 0 |a Filosofía francesa   |9 255698 
650 0 |a Bibliografías   |9 257071 
583 |a last modification  |c 19951005 00:00:00  |k Rodrigo Vera 
999 |c 239242  |d 239240 
952 |0 0  |1 0  |4 0  |6 142_700000000000000_CON_1970  |7 0  |8 P  |9 250218  |a BIBEDU  |b BIBEDU  |c BIBEDU_PB  |d 2019-11-18  |i 1580329  |o 142.7 CON 1970  |p 1580329  |r 2024-01-25  |w 2019-11-18  |y BK  |k FIL